30 Busiest London Bus Routes (2022/23) - Statistics

General Stats
  • This quiz has been taken 153 times
  • The average score is 12 of 30
Answer Stats
Usage Route % Correct
12,630,186 18
83%
9,981,442 5
81%
10,461,748 25
72%
7,205,776 21
59%
11,253,767 29
55%
8,121,605 43
52%
9,770,554 36
51%
8,274,621 38
49%
12,034,285 149
47%
9,128,894 35
46%
7,410,925 205
43%
8,597,804 55
43%
7,132,665 98
43%
8,677,918 53
42%
10,084,206 86
41%
9,361,170 207
38%
8,608,923 109
35%
7,558,195 65
35%
8,384,745 141
32%
7,508,612 93
32%
9,501,761 243
29%
7,590,535 140
28%
9,584,914 279
28%
7,408,007 133
27%
8,335,636 183
25%
7,430,700 254
25%
7,899,762 182
22%
7,412,355 453
22%
8,226,792 185
21%
8,022,094 158
20%
No matching quizzes found
Score Distribution
Percent of People with Each Score
Percentile by Number Answered
Your Score History
You have not taken this quiz